Manuel de ortodoncia (Registro nro. 727)
[ vista simple ]
| 000 -Cabecera | |
|---|---|
| Campo de control de longitud fija | 01052aam a2200373 4500 |
| 005 - Fecha y hora de la última transacción | |
| Campo de control | 20251113185557.0 |
| 008 - Elementos de longitud fija--Información general | |
| Campo de control de longitud fija | 150902b2003 xxu||||| |||| 00| 0 spa d |
| 020 ## - International Standard Book Number | |
| Número Internacional Estándar del Libro (ISBN) | 497560744 |
| 041 ## - Idioma | |
| Código de idioma | Español |
| 082 ## - Clasificación Decimal Dewey | |
| Número de clasificación | 617.643 B826m |
| 100 ## - Entrada principal--Autor personal | |
| Nombre personal | Bravo González, Luis Alberto |
| 9 (RLIN) | 20557 |
| 245 ## - Título propiamente dicho | |
| Título | Manuel de ortodoncia |
| 260 ## - Pie de imprenta | |
| Lugar de publicación, distribución, etc. | España |
| 260 ## - Pie de imprenta | |
| Nombre del editor, distribuidor, etc. | Editorial Síntesis |
| 260 ## - Pie de imprenta | |
| Fecha de publicación, distribución, etc. | 2003 |
| 300 ## - Descripción física | |
| Extensión | 703 páginas |
| 300 ## - Descripción física | |
| Otras características físicas | Ilustraciones a blanco y negro |
| 490 ## - Serie | |
| Título de la Serie | Mecánica Dental |
| 650 ## - Materia general | |
| Temática (materia general) | ORTODONCIA |
| 650 ## - Materia general | |
| Temática (materia general) | MALOCLUSIÓN |
| 650 ## - Materia general | |
| Temática (materia general) | CRECIMIENTO CRANEOFACIAL |
| 650 ## - Materia general | |
| Temática (materia general) | CLASIFICACIONES DE LAS MALOCLUSIONES |
| 650 ## - Materia general | |
| Temática (materia general) | DESARROLLO DE LA DENTICIÓN |
| 650 ## - Materia general | |
| Temática (materia general) | ANÁLISIS CEFALOMÉTRICO |
| 650 ## - Materia general | |
| Temática (materia general) | BIOMECANICA |
| 650 ## - Materia general | |
| Temática (materia general) | TRATAMIENTO ORTODONCICO |
| 650 ## - Materia general | |
| Temática (materia general) | APARATOS REMOVIBLES |
| 650 ## - Materia general | |
| Temática (materia general) | APARATOLOGÍA FIJA |
| 650 ## - Materia general | |
| Temática (materia general) | MORDIDA ABIERTA |
| 650 ## - Materia general | |
| Temática (materia general) | BIOLOGIA DEL MOVIMIENTO DENTARIO |
| 650 ## - Materia general | |
| Temática (materia general) | SOBREMORDIDA PROFUNDA |
| 650 ## - Materia general | |
| Temática (materia general) | MALOCLUSIONES TRANSVERSALES |
| 942 ## - Punto de acceso adicional KOHA | |
| Tipo de ítem KOHA | Libro |
| Fuente del sistema de clasificación o colocación | Dewey Decimal Classification |
| Signatura completa | Código de barras | Programa Académico | Tipo de ítem |
|---|---|---|---|
| 617.643 B826m | 16837 | Mecánica Dental | Libro |